Pays en fonction des définitions #2 - Statistiques

Statistiques générales
  • Ce quiz a été pris 129 fois
  • Le résultat moyen est 12 sur 20
Statistiques - réponses
Hint Réponse % Correct
Etoile jaune sur fond rouge. Sa capitale est Hanoï Viet Nam
96%
Bandes bleues entre des bandes blanche et une croix de David bleu en son centre. Ce pays est sujet à la guerre face a la Palestine Israêl
95%
Croix blanche désaxée sur fond rouge. Sa capitale est Copenhague Danemark
89%
Triangle vert et noir séparé par une croix jaune. Sa capitale est Kingston et a abrité Bob Marley Jamaique
88%
Drapeau tricolore à bandes verticales une verte, une blanche et une rouge. Ce pays a remporté 4 coupe du monde de football Italie
83%
Soleil à visage et à 34 branches dans une bande horizontale blanche sur fond bleu Argentine
80%
Pays enclavé en Italie il est la ville de résidence du Pape Vatican
80%
La moitié haute du drapeau est jaune, en dessous les bandes sont bleu et rouge.Sa capitale est Bogota Colombie
79%
La moitié haute du drapeau est jaune, en dessous les bandes sont bleu et rouge ainsi qu'un blason. Le pays donne son nom a une ligne imaginaire sur la terre Equateur
79%
Trois bandes horizontales dont jaune, une verte et une rouge. Vilnius est sa capitale Lithuanie
71%
Trois bandes verticales dont une verte, une jaune et une rouge. Bamako est la capitale Mali
71%
Bande rouge en haut et bande blanche en bas. Ce pays est situé en Asie Indonesie
70%
Grande étoile en dessous de l'Union Jack dans le coin supérieur gauche et Croix du Sud sur le côté droit sur fond bleu Australie
66%
14 bandes rouges et blanches et dans le coin supérieur gauche un croissant et une étoile à 16 branches jaune dans un fond bleu Malaisie
47%
Deux triangles rouges séparé par une diagonale noire et deux fine bandes blanche. Sa capitale est Port of Spain Trinité et Tobago
40%
Bandes verticales bleues et une blanche dessus il y a des feuilles d'olivier ainsi que des fusil et des épées et la date de leur indépendance: 15 septembre 1821 Guatemala
29%
deBandes horizontale dont une blanche une bleu et une rouge ainsi que l'armoirie sur le côté gauche du drapeau Slovaquie
25%
Fine bande rouge horizontale aux extrémités du drapeau et blason blanc dans lequel les armoiries du pays sur fond bleu Belize
20%
Bande horizontale noire en son centre et bandes horizontales bleues séparée par des bandes blanches Botswana
9%
Croix blanche séparant des carrés bleu et rouge et un blason en son centre République Dominicaine
0%
Aucun quiz correspondant
Distribution des résultats
% des personnes avec chaque résultat
Percentile par nombre de réponses
Votre historique - résultats
Vous n’avez pas pris ce quiz